000
00203 a2200097 4500
001
11
100
_a
Mueller
245
_a
China & Japan Emerging Global Powers
260
_a
_b
Praejer
_c
090
_c
11
_d
11
942
_a
NUST-CAE
_c
M
_c
1113
999
_c
235084
_d
235084